[Event "Lenk op"]
[Site "Lenk"]
[Date "1991.??.??"]
[Round "9"]
[White "Roth, Peter"]
[Black "Gheorghiu, Florin"]
[Result "0-1"]
[WhiteElo "2320"]
[BlackElo "2495"]

1.e4 c5 2.Nf3 e6 3.d4 cxd4 4.Nxd4 a6 5.Nc3 Qc7 6.g3 Bb4 7.Ne2 Nf6 8.Bg2 Be7
9.O-O Nc6 10.h3 O-O 11.g4 b5 12.Ng3 b4 13.Nce2 d5 14.exd5 Nxd5 15.Nf4 Nxf4
16.Bxf4 Qxf4 17.Bxc6 Ra7 18.Qe2 Rc7 19.Be4 g6 20.Rad1 a5 21.Kg2 Bg5 22.b3 Rc3
23.Rg1 Bh6 24.Bf3 Ba6 25.Qe4 Rxf3 26.Qxf3 Qc7  0-1

[Event "Leon"]
[Site "Leon"]
[Date "1991.??.??"]
[Round "?"]
[White "Romero Holmes, Alfonso"]
[Black "Sion Castro, Marcelino"]
[Result "0-1"]
[WhiteElo "2485"]
[BlackElo "2410"]

1.e4 c5 2.Nf3 e6 3.d4 cxd4 4.Nxd4 a6 5.Nc3 Nc6 6.Bf4 d6 7.Bg3 Nf6 8.Nxc6 bxc6
9.e5 Nd5 10.exd6 Bxd6 11.Ne4 Be7 12.c4 Qa5+ 13.Nd2 Nf6 14.Bd3 Bb7 15.O-O c5
16.Qb3 Bc6 17.Nf3 Rd8 18.Ne5 Ba8 19.Rfd1 O-O 20.Be2 Ne4 21.Bf4 Bd6 22.Bd3 Qc7
23.f3 Nf6 24.Qc3 Nh5 25.g3 Nxf4 26.gxf4 f6 27.Ng4 Bxf4 28.Be4 Bxe4 29.fxe4 f5
30.exf5 exf5 31.Ne3 Bxh2+ 32.Kh1 Be5 33.Qc2 Qc6+ 34.Nd5 Qh6+ 35.Kg1 Bd4+
36.Kg2 Qg5+ 37.Kf3 Qg4+  0-1

[Event "POR-ch"]
[Site "Lisboa"]
[Date "1991.??.??"]
[Round "1"]
[White "Nobre, A."]
[Black "Fernandes, Antonio"]
[Result "0-1"]
[WhiteElo "2100"]
[BlackElo "2455"]

1.e4 c5 2.Nf3 e6 3.d4 cxd4 4.Nxd4 a6 5.Nc3 Qc7 6.Be2 b5 7.a3 Bb7 8.Be3 Nf6
9.Bf3 d6 10.O-O Nbd7 11.Bg5 Be7 12.Bxf6 Nxf6 13.Qe2 O-O 14.Rfe1 Rfd8 15.Rad1 Rac8
16.e5 dxe5 17.Bxb7 Qxb7 18.Qxe5 Bd6 19.Qe2 b4 20.axb4 Bxb4 21.Nb3 Rxd1 22.Rxd1 Bxc3
23.bxc3 Nd5 24.Ra1 Nf4 25.Qf1 Rxc3 26.g3 Rxc2 27.Nd4 Rd2 28.Rb1 Nh3+  0-1

[Event "ESP-ch"]
[Site "Lleida"]
[Date "1991.??.??"]
[Round "1"]
[White "Fernandez, Juan Luis"]
[Black "Munoz, FJ."]
[Result "1/2-1/2"]
[WhiteElo "2470"]
[BlackElo "2280"]

1.e4 c5 2.Nf3 e6 3.Nc3 a6 4.d4 cxd4 5.Nxd4 Qc7 6.Be2 b5 7.O-O Bb7 8.Re1 Bb4
9.Bd2 Bd6 10.Nf3 Nc6 11.Bg5 Ne5 12.Nd2 Ne7 13.f4 f6 14.Bxf6 gxf6 15.fxe5 Bxe5
16.Bh5+ Ng6 17.Nf3 Bxc3 18.Bxg6+ hxg6 19.bxc3 Qxc3 20.a4 b4 21.Rb1 a5 22.Rb3 Qc5+
23.Kh1 Bc6 24.Qa1 e5 25.c3 Ke7 26.cxb4 axb4 27.Qb2 Rxa4 28.Rc1 Qa5 29.Qb1 Rb8
30.Nh4 Qa8 31.Re1 Bxe4 32.Qc1 Kf7 33.h3 Ra2 34.Qc4+ Bd5 35.Qg4 Bxb3 36.Qxg6+ Ke7
37.Nf5+ Kd8 38.Qxf6+ Kc8 39.Rc1+ Rc2 40.Qf8+ Kc7 41.Qd6+  1/2-1/2

[Event "ESP-ch"]
[Site "Lleida"]
[Date "1991.??.??"]
[Round "2"]
[White "Martin Gonzalez, Angel"]
[Black "Cacho Reigadas, Sergio"]
[Result "0-1"]
[WhiteElo "2400"]
[BlackElo "2200"]

1.e4 c5 2.Nf3 e6 3.Nc3 a6 4.d4 cxd4 5.Nxd4 Qc7 6.f4 b5 7.Bd3 Bb7 8.Qf3 Nf6
9.Be3 Nc6 10.a3 Nxd4 11.Bxd4 Bc5 12.Ne2 d6 13.c3 e5 14.fxe5 dxe5 15.Qg3 O-O-O
16.Bxe5 Bf2+ 17.Kxf2 Qxe5 18.Qxe5 Ng4+ 19.Kg3 Nxe5 20.Bc2 Rd2 21.Nd4 Nd3
22.Rad1 Rxd1 23.Rxd1 Nxb2 24.Rf1 f6 25.Rf5 Kb8 26.Rc5 Rc8 27.Ne6 Re8 28.Nc7 Re5
29.Rxe5 fxe5 30.Ne8 Nc4 31.a4 bxa4 32.Bxa4 Nd2 33.Nxg7 Nxe4+ 34.Kg4 Nxc3
35.Bc2 e4 36.Kg3 Kc7 37.Nf5 a5 38.Kf4 Kb6 39.Nd6 Bd5 40.Nxe4 Bxe4 41.Bxe4 Nxe4
42.Kxe4 Kc5 43.Kd3 Kd5 44.g3 Ke5 45.Kc4 Ke4 46.Kb5 Kf3 47.Kxa5 h5 48.Kb4 Kg2  0-1

[Event "Lyngby op"]
[Site "Lyngby"]
[Date "1991.??.??"]
[Round "3"]
[White "Nielsen, Peter Heine"]
[Black "Adamski, Jan"]
[Result "1/2-1/2"]
[WhiteElo "2445"]
[BlackElo "2375"]

1.e4 c5 2.Nf3 e6 3.d4 cxd4 4.Nxd4 a6 5.Nc3 b5 6.Bd3 d6 7.O-O Nf6 8.f4 Bb7
9.a3 Nbd7 10.Qe2 Be7 11.Kh1 Qc7 12.Bd2 O-O 13.Rae1 Nc5 14.b4 Nxd3 15.cxd3 Nd7
16.Rc1 Qd8 17.Rc2 Rc8 18.Rfc1 Re8 19.Nf3 e5 20.fxe5  1/2-1/2

[Event "Wch U20"]
[Site "Mamaia"]
[Date "1991.??.??"]
[Round "?"]
[White "Vouldis, Angelos"]
[Black "Stefansson, Hannes"]
[Result "1/2-1/2"]
[WhiteElo "2235"]
[BlackElo "2470"]

1.e4 c5 2.Nf3 e6 3.d4 cxd4 4.Nxd4 a6 5.Nc3 Qc7 6.Bd3 Nc6 7.Nxc6 dxc6 8.O-O Nf6
9.Qe1 e5 10.a4 Bb4 11.f4 Nd7  1/2-1/2

[Event "Wch U16"]
[Site "Mamaia"]
[Date "1991.??.??"]
[Round "?"]
[White "Spangenberg, Hugo"]
[Black "Jaracz, Pawel"]
[Result "1-0"]
[WhiteElo "2220"]
[BlackElo "2300"]

1.e4 c5 2.Nf3 e6 3.d4 cxd4 4.Nxd4 a6 5.Nc3 Qc7 6.g3 Bb4 7.Bd2 Nc6 8.Nxc6 bxc6
9.Bg2 Nf6 10.O-O Be7 11.Na4 d6 12.c4 Rb8 13.b3 O-O 14.Qe2 Nd7 15.Rfd1 Bb7
16.Bf4 c5 17.Rd2 Rfd8 18.Nb2 Ne5 19.Nd3 Ng6 20.Be3 Bf6 21.Rad1 a5 22.h4 a4
23.h5 Ne5 24.Nxe5 Bxe5 25.f4 Bf6 26.Rd3 axb3 27.axb3 Bc6 28.Qd2 Be8 29.g4 Bd4
30.Bxd4 cxd4 31.h6 e5 32.hxg7 f6 33.Rg3 Qxg7 34.g5 Kh8 35.Rf1 Bh5 36.f5 fxg5
37.Rxg5 Qf7 38.Rf4 Qf6 39.Rh4 Bf7 40.Rgg4 Rxb3 41.Rh6 Qe7 42.f6 Qf8 43.Rg7 Bg8
44.Rhxh7+ Bxh7 45.Qh6 Qg8 46.Rxg8+ Rxg8 47.f7 Rbg3 48.fxg8=Q+ Kxg8 49.Qe6+ Kg7
50.Qxd6  1-0

[Event "WchT U26"]
[Site "Maringa"]
[Date "1991.??.??"]
[Round "2"]
[White "Hernandez, Gilberto"]
[Black "Galego, Luis"]
[Result "1/2-1/2"]
[WhiteElo "2470"]
[BlackElo "2395"]

1.e4 c5 2.Nf3 e6 3.Nc3 a6 4.d4 cxd4 5.Nxd4 Qc7 6.g3 Nf6 7.Bg2 Be7 8.O-O d6
9.a4 O-O 10.Nb3 Nc6 11.a5 Nd7 12.Be3 Nce5 13.Qe2 Nc4 14.Bc1 Bf6 15.Ra4 b5
16.axb6 Ncxb6 17.Ra2 Rb8 18.Na5 Bxc3 19.bxc3 Qxc3 20.Rd1 Qc7 21.Qd3 Nc5 22.Qxd6 Qxd6
23.Rxd6 Nba4 24.Ra1 Rb5 25.Bd2 Rb2 26.Rc1 Bd7 27.Nc4 Rbb8 28.e5 Bb5 29.Na5 Rfd8
30.c4 Be8 31.Be3 Rdc8 32.h4 h6 33.f4 Nb3 34.Nxb3 Rxb3 35.Bf2 Nc3 36.Rc2 Rxc4
37.Rxa6 Bb5 38.Ra8+ Kh7 39.h5 g6 40.hxg6+ Kxg6 41.Rg8+ Kh7 42.Rb8  1/2-1/2

[Event "Marostica"]
[Site "Marostica"]
[Date "1991.??.??"]
[Round "?"]
[White "Fercec, Nenad"]
[Black "Valenti, Giuseppe"]
[Result "1-0"]
[WhiteElo "2400"]
[BlackElo "2240"]

1.e4 c5 2.Nf3 e6 3.d4 cxd4 4.Nxd4 a6 5.Nc3 Qc7 6.Be2 Nf6 7.O-O Nc6 8.Be3 Be7
9.f4 d6 10.Kh1 O-O 11.Qe1 Bd7 12.Qg3 b5 13.e5 dxe5 14.fxe5 Nxe5 15.Bh6 Ne8
16.Bf4 f6 17.Ne4 Rd8 18.Rad1 Bc8 19.c3 Rd5 20.Bf3 Qd7 21.Nxf6+ Bxf6 22.Bxd5 Qxd5
23.Nf5 Qc5 24.b4 Qb6 25.Nh6+  1-0

[Event "POL-chT"]
[Site "Mikolajki"]
[Date "1991.??.??"]
[Round "1"]
[White "Kuczynski, Robert"]
[Black "Kveinys, Aloyzas"]
[Result "1/2-1/2"]
[WhiteElo "2465"]
[BlackElo "2435"]

1.e4 c5 2.Nf3 e6 3.Nc3 a6 4.d4 cxd4 5.Nxd4 Qc7 6.Be2 Nf6 7.O-O Bb4 8.Qd3 Nc6
9.Nxc6 dxc6 10.Bg5 e5 11.Qg3 Be6 12.Rad1 Be7  1/2-1/2

[Event "POL-chT"]
[Site "Mikolajki"]
[Date "1991.??.??"]
[Round "3"]
[White "Gdanski, Jacek"]
[Black "Rotstein, Arkadij"]
[Result "0-1"]
[WhiteElo "2420"]
[BlackElo "2400"]

1.e4 c5 2.Nf3 e6 3.Nc3 a6 4.d4 cxd4 5.Nxd4 Qc7 6.g3 Nf6 7.Bg2 Nc6 8.O-O Be7
9.Be3 O-O 10.a4 d6 11.Qe2 Bd7 12.Nb3 Na5 13.Rad1 Nc4 14.Bc1 b5 15.axb5 axb5
16.e5 dxe5 17.Bxa8 Rxa8 18.Nd2 Nxd2 19.Rxd2 b4 20.Ne4 Nd5 21.c4 Nb6 22.c5 Nd5
23.Qc4 Ra5 24.Rfd1 Bb5 25.Qc2 f5 26.Rxd5 exd5 27.Ng5 Qd7 28.Qb3 Bc6 29.Nf3 Bf6
30.Qxb4 Rb5 31.Qe1 Qe7 32.b4 d4 33.Rd3 Be4 34.Ra3 Qb7 35.Ng5 Bd5 36.Bf4 Rxb4
37.Ra1 h6 38.c6 Bxc6 39.Bxe5 Bxe5 40.Ne6 Bf6 41.Nc5 Qb6 42.Qe6+ Kh7 43.Rc1 Qxc5  0-1

[Event "FRA-ch Acc"]
[Site "Montpellier"]
[Date "1991.??.??"]
[Round "5"]
[White "Schabanel, Stephane"]
[Black "Guyot, Philippe"]
[Result "0-1"]
[WhiteElo "2235"]
[BlackElo "2245"]

1.e4 c5 2.Nf3 e6 3.d4 cxd4 4.Nxd4 a6 5.Nc3 Qc7 6.Be2 Nf6 7.O-O Bb4 8.Qd3 Nc6
9.Nxc6 bxc6 10.f4 d5 11.e5 Nd7 12.Qg3 g6 13.Bd2 Rb8 14.b3 Be7 15.f5 gxf5
16.Bh6 Bc5+ 17.Kh1 Bd4 18.Rae1 Bxe5 19.Qh3 Nf6 20.Bg7 Rg8 21.Bxf6 Bxf6 22.Rxf5 exf5
23.Nxd5 cxd5 24.Bb5+ Kd8 25.Qxh7 Rf8 26.Qh6 Qd6  0-1

[Event "FRA-ch Acc"]
[Site "Montpellier"]
[Date "1991.??.??"]
[Round "7"]
[White "Brochet, Philippe"]
[Black "Belheine, Larbi"]
[Result "1-0"]
[WhiteElo "2245"]
[BlackElo "1990"]

1.e4 c5 2.Nf3 e6 3.Nc3 a6 4.d4 cxd4 5.Nxd4 Nc6 6.Nxc6 bxc6 7.Bd3 d5 8.exd5 cxd5
9.O-O Nf6 10.Bg5 Be7 11.Re1 O-O 12.Qf3 Re8 13.Rad1 Rb8 14.b3 h6 15.Bxh6 Bb7
16.Qg3 Nh5 17.Qg4  1-0

[Event "FRA-ch (Women)"]
[Site "Montpellier"]
[Date "1991.??.??"]
[Round "10"]
[White "Mora, Virginie"]
[Black "Tagnon, Nicole"]
[Result "0-1"]
[WhiteElo "1740"]
[BlackElo "2090"]

1.e4 c5 2.Nf3 e6 3.d4 cxd4 4.Nxd4 a6 5.Nc3 b5 6.a3 Bb7 7.f3 Qc7 8.Be3 Nf6
9.Qd2 Be7 10.Bd3 d6 11.O-O Nbd7 12.Rfe1 O-O 13.Nd1 d5 14.Nf2 Bd6 15.h3 Nh5
16.Ne2 Rad8 17.exd5 Bxd5 18.c3 Nc5 19.Qc2 Nxd3 20.Nxd3 h6 21.Red1 Bb7 22.Rac1 Rc8
23.Qd2 Rfd8 24.Qe1 Nf6 25.Bf2 Nd5 26.Ng3 Nf4 27.Nb4 a5 28.Nc2 Be5 29.Nd4 Qb8
30.Rb1 b4 31.axb4 axb4 32.Ra1 bxc3 33.bxc3 Nd5 34.Nge2 Bh2+ 35.Kh1 Be5 36.Rdc1 Nf4
37.Nxf4 Bxf4 38.Be3 Bg3 39.Qe2 Qe5 40.Bg1 Qh5 41.Bh2 Bxh2 42.Kxh2 e5 43.Nb3 e4
44.Nd4 Qe5+ 45.Kg1 Qf4 46.Rc2 exf3 47.Nxf3 Re8 48.Qd1 Qe3+ 49.Kh2 Qf4+ 50.Kg1 Qe3+
51.Kh2 Be4 52.Re2 Qxc3 53.Qe1 Qc7+ 54.Kg1 Qc5+ 55.Kh2 Qd6+ 56.Kg1 Bc6 57.Rc1 Rxe2
58.Qxe2 Re8 59.Qf2 Bb7 60.Nd4 Qg6 61.Nf5 Bxg2 62.Nxh6+ Qxh6 63.Rc7 Bd5  0-1

[Event "Russian Winter op"]
[Site "Moscow"]
[Date "1991.??.??"]
[Round "?"]
[White "Yurieva, A."]
[Black "Poluljahov, Aleksandr"]
[Result "0-1"]
[WhiteElo "2120"]
[BlackElo "2360"]

1.e4 c5 2.Nf3 e6 3.Nc3 a6 4.d4 cxd4 5.Nxd4 d6 6.Be3 Nf6 7.f4 b5 8.Qf3 Bb7
9.Bd3 Nbd7 10.g4 Nc5 11.a3 g6 12.O-O-O Bg7 13.Kb1 Qc7 14.Bxb5+ Nfd7 15.Bd3 O-O
16.h4 e5 17.Nde2 exf4 18.Bd4 Ne5 19.Qxf4 Ne6 20.Qg3 Nxd4 21.Nxd4 Nxg4 22.Ne6 fxe6
23.Qxg4 Bc8 24.Ne2 Rb8 25.b3 Qa5 26.Ka2 Qe5 27.Rb1 Bd7 28.Qg5 a5 29.Qxe5 Bxe5
30.Rbf1 Kg7 31.Nc1 Rxf1 32.Bxf1 Rf8 33.Nd3 Bd4 34.Bg2 Kh6 35.Kb1 e5 36.Bh3 Bxh3
37.Rxh3 Rf1+ 38.Nc1 Re1 39.Rd3 Be3 40.Rxe3 Rxe3 41.b4 axb4 42.axb4 Rxe4 43.Nd3 Rc4  0-1

[Event "New York op"]
[Site "New York"]
[Date "1991.??.??"]
[Round "5"]
[White "Birmingham, Eric"]
[Black "Meyer, Eugene B"]
[Result "0-1"]
[WhiteElo "2355"]
[BlackElo "2470"]

1.e4 c5 2.Nc3 e6 3.Nf3 a6 4.d4 cxd4 5.Nxd4 Qc7 6.g3 Bb4 7.Bd2 Nf6 8.Bg2 Nc6
9.Nce2 Bc5 10.Nxc6 dxc6 11.Bc3 e5 12.Nc1 Bg4 13.Qd2 h6 14.f4 exf4 15.Qxf4 Qxf4
16.gxf4 O-O-O 17.Nd3 Be3 18.Ne5 Bh5 19.Rf1 Rhe8 20.Nc4 Nxe4 21.Be5 Bd2+ 22.Nxd2 Rxd2  0-1

[Event "NLD-ch"]
[Site "NLD"]
[Date "1991.??.??"]
[Round "3"]
[White "Kuijf, Marinus"]
[Black "Van Mil, Johannes A J"]
[Result "0-1"]
[WhiteElo "2460"]
[BlackElo "2415"]

1.e4 c5 2.Ne2 e6 3.Nbc3 a6 4.d4 cxd4 5.Nxd4 Nc6 6.f4 Nge7 7.Nf3 b5 8.Bd3 Bb7
9.O-O d5 10.Ng5 h6 11.Qh5 g6 12.Qh3 dxe4 13.Ngxe4 Nf5 14.Ng3 Nb4 15.Rd1 Qb6+
16.Kh1 O-O-O 17.Nge4 Be7 18.a4 Nxd3 19.cxd3 b4 20.a5 Qc7 21.Bd2 bxc3 22.Bxc3 Bxe4
23.Bxh8 Bc6 24.Be5 Qb7 25.Rac1 Kd7 26.Rc2 Rc8 27.Re2 Bd5 28.Bc3 Bd6 29.Rf2 h5
30.Re1 Bc5 31.d4 Be7 32.Qd3 Bh4 33.Qe2 Bxf2 34.Qxf2 Qb5 35.Kg1 Qd3 36.Rf1 Qe3  0-1

[Event "Oostende op"]
[Site "Oostende"]
[Date "1991.??.??"]
[Round "4"]
[White "Jansa, Vlastimil"]
[Black "Maxion, Dirk"]
[Result "1-0"]
[WhiteElo "2485"]
[BlackElo "2275"]

1.e4 c5 2.Nf3 e6 3.Nc3 a6 4.d4 cxd4 5.Nxd4 Qc7 6.g3 Nc6 7.Bg2 d6 8.O-O Bd7
9.Re1 Be7 10.Nxc6 Bxc6 11.Qg4 h5 12.Qe2 h4 13.a4 hxg3 14.hxg3 b6 15.Bf4 Nf6
16.Qc4 Nh5 17.Nd5 exd5 18.exd5 Nxf4 19.gxf4 Kf8 20.dxc6 Rh4 21.Re4 d5 22.Qxd5 Rd8
23.Qc4 Rd2 24.Rae1 b5 25.Qc3  1-0

[Event "Oostende op"]
[Site "Oostende"]
[Date "1991.??.??"]
[Round "9"]
[White "Tischbierek, Raj"]
[Black "Den Boer, Ber"]
[Result "1/2-1/2"]
[WhiteElo "2480"]
[BlackElo "2350"]

1.e4 c5 2.Nf3 e6 3.d4 cxd4 4.Nxd4 a6 5.Nc3 Qc7 6.Bd3 Nf6 7.O-O d6 8.Kh1 Nc6
9.Be3 g6 10.f4 Bg7 11.Nf3 O-O 12.Qe1 b5 13.Qh4 Re8 14.e5 Nd5 15.Nxd5 exd5
16.f5 gxf5 17.exd6 Qxd6 18.Bf4 Qf6 19.Bg5 Qxb2 20.Rab1 Qa3 21.Bf6 Qd6 22.Bxg7 Kxg7
23.Ng5 h6 24.Bxf5 Ne5 25.Nh3 Ng6 26.Qd4+ Qe5 27.Qd3 Bxf5 28.Rxf5 Qe4 29.Rbf1 Ra7
30.Qd1 Rc7 31.c3 Re5 32.R5f3 a5 33.Nf4 Rce7 34.Nd3 Rh5 35.h3 Qc4 36.Qd2 Rh4
37.Qf2 Qc7 38.Rg3 Rhe4 39.Nf4 Qe5 40.Nxg6 fxg6 41.Qf8+ Kh7 42.Rf7+ Rxf7 43.Qxf7+ Qg7  1/2-1/2

[Event "Pamplona op"]
[Site "Pamplona"]
[Date "1991.??.??"]
[Round "?"]
[White "Sion Castro, Marcelino"]
[Black "Urday, Henry"]
[Result "0-1"]
[WhiteElo "2405"]
[BlackElo "2480"]

1.e4 c5 2.Nf3 e6 3.d4 cxd4 4.Nxd4 a6 5.Nc3 Qc7 6.Be2 b5 7.O-O Bb7 8.Bf3 Nc6
9.Nxc6 dxc6 10.Qe2 e5 11.a4 Nf6 12.Bg5 Be7 13.axb5 axb5 14.Rxa8+ Bxa8 15.Ra1 O-O
16.Nb1 h6 17.Be3 Nd7 18.Nd2 Nc5 19.Bg4 Rd8 20.b3 Bb7 21.h3 Bc8 22.Ra8 Ne6
23.Ra7 Qd6 24.Nf3 Bf6 25.Qe1 Nc5 26.Bxc8 Rxc8 27.Qb4 Qd1+ 28.Kh2 Ne6 29.Qc3 Qd6
30.g3 c5 31.Qa5 Qd1 32.Nd2 Bg5 33.Bxg5 hxg5 34.Ra8 Rxa8 35.Qxa8+ Kh7 36.Qd5 Qxc2
37.Kg2 c4 38.bxc4 b4 39.c5 Qxc5 40.Qb3 Qd4 41.Qd5 Qxd5 42.exd5 Nc5 43.Nc4 e4
44.f3 b3 45.d6 exf3+ 46.Kxf3 Kg6 47.Ke3 Kf5 48.Kd4 Nd7 49.Nd2 b2 50.Kc3 g4
51.h4 b1=Q 52.Nxb1 Ke4 53.Nd2+ Ke3 54.h5 f5 55.Nc4+ Kf2 56.Kd4 Kxg3 57.Ne5 Nf6
58.d7 Nxd7 59.Nxd7 f4 60.Nc5 Kh2 61.Nd3 f3 62.Ne5 Kg3 63.Nc4 Kf4  0-1

[Event "Rubinstein mem"]
[Site "Polanica Zdroj"]
[Date "1991.??.??"]
[Round "6"]
[White "Kuczynski, Robert"]
[Black "Lau, Ralf"]
[Result "1/2-1/2"]
[WhiteElo "2480"]
[BlackElo "2500"]

1.e4 c5 2.Nf3 e6 3.d4 cxd4 4.Nxd4 a6 5.Nc3 Qc7 6.Be2 b5 7.O-O Bb7 8.Re1 Nc6
9.Nxc6 dxc6 10.e5 Rd8 11.Bd3 c5 12.Qh5 Ne7 13.Bg5 Rd7 14.Rad1 Nc6 15.Be4 Nd4
16.Bxb7 Qxb7 17.Rd2 h6 18.Ne4 Nf5 19.Rxd7 Qxd7 20.Bf6 Qc6 21.Rd1 Be7 22.Qf3 O-O
23.Bxe7 Nxe7 24.c3  1/2-1/2

[Event "Recife"]
[Site "Recife"]
[Date "1991.??.??"]
[Round "?"]
[White "Van Riemsdijk, Herman C"]
[Black "Zapata, Alonso"]
[Result "1-0"]
[WhiteElo "2450"]
[BlackElo "2530"]

1.e4 c5 2.Nf3 e6 3.d4 cxd4 4.Nxd4 a6 5.Nc3 Qc7 6.g3 Bb4 7.Ne2 Nf6 8.Bg2 Be7
9.Nf4 d6 10.g4 Nc6 11.g5 Nd7 12.Nd3 b5 13.f4 Nb6 14.Be3 Bb7 15.Qg4 d5 16.exd5 Nb4
17.Bxb6 Nxd3+ 18.cxd3 Qxb6 19.dxe6 Qe3+ 20.Ne2 h5 21.gxh6 Bxg2 22.exf7+ Kxf7
23.Qxg7+ Ke6 24.Qxg2 Bh4+ 25.Kf1 Qxd3 26.Rg1 Rag8 27.Qc6+ Kf5 28.Rg7 Rxg7
29.hxg7 Re8 30.Qg2 Kf6 31.Rc1 Kf7 32.g8=Q+ Rxg8 33.Rc7+ Kf6 34.Qc6+ Kf5 35.Qd7+ Qxd7
36.Rxd7 Rc8 37.Rd6 Kg4 38.Kg2 Rc2 39.h3+ Kf5 40.Kf3  1-0

[Event "Reggio Emilia9192-C"]
[Site "Reggio Emilia"]
[Date "1991.??.??"]
[Round "?"]
[White "Palacios Perez, Manuel"]
[Black "Strizhnev, Piotr"]
[Result "1/2-1/2"]
[WhiteElo "2250"]
[BlackElo "2245"]

1.e4 c5 2.Nf3 e6 3.d4 cxd4 4.Nxd4 a6 5.Nc3 Nc6 6.Be2 Nge7 7.Be3 d6 8.O-O b5
9.f4 Nxd4 10.Qxd4 Nc6 11.Qd2 Be7 12.Rad1 Bb7 13.Bd3 Rc8 14.Qf2 O-O 15.Qg3 Qc7
16.f5 Kh8 17.fxe6 fxe6 18.Qh3 e5 19.Nd5 Qd8 20.Bb6 Qe8 21.c3 Nb8 22.Qe6 Bxd5
23.exd5 Bf6 24.Qxd6 e4 25.Be2 Qg6 26.Qe6 Rfe8 27.Qh3 Be5 28.Be3 Qd6 29.a3 Nd7
30.Bg4 Rc7 31.Kh1 Nf6 32.Be6 a5 33.g4 b4 34.g5 Ng8 35.axb4 axb4 36.Bd4 Bxd4
37.Rxd4 bxc3 38.bxc3 Qa3 39.Rxe4 Rxc3 40.Qh5 Rc1 41.Rf4 Rxf1+ 42.Rxf1 Qa8
43.Qf3 Qd8 44.Qf7 Re7 45.Qf5 Qb8 46.Qf4 Qa8 47.Rf3 Re8 48.h4 Ne7 49.Qf7 Ng6
50.Ra3 Qxa3 51.Qxe8+ Nf8 52.Qf7 Nxe6 53.dxe6 Qa1+ 54.Kg2 Qb2+ 55.Kf3 Qc3+
56.Ke4 Qc4+ 57.Ke5 Qc5+ 58.Ke4 Qc4+ 59.Kf5 Qd5+ 60.Kf4 Qd4+ 61.Kg3 Qe3+ 62.Kg4 Qe4+
63.Kg3 Qe3+  1/2-1/2

[Event "Rimavska Sobota"]
[Site "Rimavska Sobota"]
[Date "1991.??.??"]
[Round "6"]
[White "Fries Nielsen, Jens Ove"]
[Black "Gross, Stefan"]
[Result "1/2-1/2"]
[WhiteElo "2415"]
[BlackElo "2435"]

1.e4 c5 2.Nf3 e6 3.Nc3 a6 4.d4 cxd4 5.Nxd4 Qc7 6.Bd3 Nc6 7.Nb3 Nf6 8.O-O Be7
9.f4 d6 10.Be3 b5 11.a3 Bb7 12.Be2 O-O 13.Bf3 Rad8 14.Qe2 Nd7 15.Qf2 Bf6
16.Rfd1 Bxc3 17.bxc3 Ne7 18.Rd3 f5 19.exf5 Bxf3 20.Qxf3 Nxf5 21.Qe4 Rde8
22.Bf2 Nf6 23.Qf3 d5 24.Nc5 Qc8 25.a4 Nd6 26.axb5 axb5 27.Bd4 Nde4 28.Nb3 Rf7
29.Qe2 Nd7 30.Rf1 Qc7 31.Qg4 b4 32.Rh3 bxc3 33.Qh5 Ndf6 34.Qh4 Qc4 35.Rd3 Rb8
36.Qh3 Nd2 37.Nxd2 cxd2 38.Rxd2 Ne4 39.Rdd1 Re8 40.c3 Qa6 41.Qe3 Ref8 42.Ra1 Qc4  1/2-1/2

[Event "Salamanca"]
[Site "Salamanca"]
[Date "1991.??.??"]
[Round "5"]
[White "Sanz Alonso, Francisco Javier"]
[Black "Zapata, Alonso"]
[Result "1/2-1/2"]
[WhiteElo "2415"]
[BlackElo "2530"]

1.e4 c5 2.Nf3 e6 3.d4 cxd4 4.Nxd4 a6 5.Nc3 Qc7 6.f4 b5 7.Bd3 Bb7 8.Qe2 Nc6
9.Nf3 Nge7 10.O-O Nb4 11.a3 Nxd3 12.cxd3 Nc6 13.Be3 Be7 14.Rac1 O-O 15.d4  1/2-1/2

[Event "Sao Paulo op"]
[Site "Sao Paulo"]
[Date "1991.??.??"]
[Round "2"]
[White "De Souza, Mauro"]
[Black "Sunye Neto, Jaime"]
[Result "1/2-1/2"]
[WhiteElo "2225"]
[BlackElo "2475"]

1.e4 c5 2.Nf3 e6 3.d4 cxd4 4.Nxd4 a6 5.Nc3 b5 6.Bd3 Bb7 7.O-O Qc7 8.Be3 Nf6
9.a3 d6 10.f4 Nbd7 11.Qf3 Be7 12.Qg3 g6 13.Nf3 Nc5 14.Ng5 d5 15.exd5 Nxd3
16.cxd3 Nxd5 17.Nxd5 Bxd5 18.Rac1 Qd8 19.Qh3 Bf6 20.b4 Kf8 21.Ne4 Bg7 22.Bc5+ Kg8
23.Qe3 Rb8 24.Bd4 Bxd4 25.Qxd4 Bxe4 26.Qxd8+ Rxd8 27.dxe4 Kg7 28.Rfd1 Rxd1+
29.Rxd1 Rc8 30.Rd6  1/2-1/2

[Event "Schoeneck"]
[Site "Schoeneck"]
[Date "1991.??.??"]
[Round "2"]
[White "Schaack, Harry"]
[Black "Zahn, Nicol"]
[Result "1-0"]
[WhiteElo "2305"]
[BlackElo "2010"]

1.e4 c5 2.Nf3 e6 3.d4 cxd4 4.Nxd4 a6 5.Nc3 Qc7 6.Be2 Nf6 7.O-O Be7 8.Be3 O-O
9.f4 d6 10.Bf3 Bd7 11.Qe1 Nc6 12.Qf2 Rac8 13.Nb3 b5 14.Rad1 Qb8 15.g4 a5
16.g5 Ne8 17.Nc5 Rd8 18.Nxd7 Rxd7 19.Bg4 Rb7 20.h4 b4 21.Ne2 Nc7 22.Nd4 Nxd4
23.Bxd4 Nb5 24.Be3 Bd8 25.f5 exf5 26.exf5 Bb6 27.Bxb6 Rxb6 28.f6 gxf6 29.Qxf6 d5
30.Qf3 Rd6 31.Bf5 Qb6+ 32.Kh1 Nd4 33.Bxh7+ Kxh7 34.Qd3+ Kg8 35.Qxd4 Qxd4
36.Rxd4 Rc8 37.Rf2 Kg7 38.Kg2 Rc5 39.Kg3 Rdc6 40.Rfd2 Rxc2 41.Rxd5 Rxd2 42.Rxd2 f6
43.b3 fxg5 44.hxg5 Rc5 45.Kg4 Re5 46.Rd7+ Kg6 47.Rd6+ Kg7 48.Ra6 Rc5 49.Kh5 Rd5
50.Ra7+  1-0

[Event "Schoeneck"]
[Site "Schoeneck"]
[Date "1991.??.??"]
[Round "5"]
[White "Beck, Daniel"]
[Black "Zahn, Nicol"]
[Result "1-0"]
[WhiteElo "2220"]
[BlackElo "2010"]

1.e4 c5 2.Nf3 e6 3.d4 cxd4 4.Nxd4 a6 5.Nc3 Qc7 6.Be2 Nf6 7.O-O Be7 8.f4 d6
9.a4 O-O 10.Kh1 Nc6 11.Be3 Rb8 12.Bf3 Na5 13.Qe2 Nc4 14.e5 dxe5 15.Ndb5 axb5
16.Nxb5 Qd8 17.Qxc4 exf4 18.Bxf4 e5 19.Bxe5 Be6 20.Qc7 Rc8 21.Qxb7 Rxc2 22.Rfd1 Nd7
23.Bc3 Qc8 24.Qxc8 Rxc8 25.Nd4 Ne5 26.Nxc2 Nxf3 27.gxf3 Bb3 28.Nd4  1-0

[Event "UKR-chT"]
[Site "Simferopol"]
[Date "1991.??.??"]
[Round "?"]
[White "Frolov, Artur"]
[Black "Razmyslov, A."]
[Result "1-0"]
[WhiteElo "2450"]
[BlackElo "2340"]

1.e4 c5 2.Nf3 a6 3.Nc3 e6 4.d4 cxd4 5.Nxd4 Qc7 6.Bd3 Bd6 7.Be3 Ne7 8.Qh5 Nbc6
9.Nde2 Ne5 10.f4 Nxd3+ 11.cxd3 Bb4 12.O-O Qa5 13.f5 exf5 14.Bd4 O-O 15.exf5 f6
16.a3 Bd6 17.b4 Qc7 18.Rac1 Qd8 19.Ne4 Bc7 20.Rf3 d5 21.Nxf6+ Rxf6 22.Bxf6 Bb6+
23.Bd4 Bxf5 24.Rxf5 g6 25.Rg5 Bxd4+ 26.Nxd4 Qb6 27.Qh4 Rf8 28.Kh1 Qc7 29.Qe1  1-0

[Event "St Martin op"]
[Site "St Martin"]
[Date "1991.??.??"]
[Round "3"]
[White "Porubszki, Georg"]
[Black "Motwani, Paul"]
[Result "0-1"]
[WhiteElo "2285"]
[BlackElo "2425"]

1.e4 c5 2.Nf3 e6 3.d4 cxd4 4.Nxd4 a6 5.Nc3 Qc7 6.g3 Bb4 7.Ne2 Be7 8.Bg2 Nf6
9.O-O Nc6 10.h3 O-O 11.Be3 d6 12.f4 b5 13.a3 Re8 14.g4 Bf8 15.Qe1 Bb7 16.Qf2 Rac8
17.Rad1 Nd7 18.g5 Na5 19.f5 Nc4 20.g6 fxg6 21.fxg6 Nxe3 22.gxh7+ Kxh7 23.Qxe3 Qb6
24.Nd4 e5 25.Nf5 Qxe3+ 26.Nxe3 Nf6 27.Nf5 Red8 28.Ne3 Rc7 29.Rd2 Kg8 30.Rfd1 g6
31.Rf1 Bh6 32.Re2 Rf7 33.Ncd5 Bxe3+ 34.Rxe3 Nxd5 35.exd5 Rxf1+ 36.Kxf1 Rc8
37.c3 Kg7 38.Be4 Rf8+ 39.Rf3 Rf4 40.Rxf4 exf4 41.h4 Kh6 42.Bf3 g5 43.hxg5+ Kxg5
44.Kf2 Kf5 45.b3 Ke5 46.c4 bxc4 47.bxc4 a5 48.c5 dxc5 49.d6 Bc8 50.Bb7 Bg4
51.Bf3 Bd7 52.Ke2 Bb5+ 53.Kd2 Kxd6 54.Kc3 Bc6 55.Be2 Bd5 56.Kd3 Ke5 57.Bg4 c4+
58.Kc3 Ke4 59.a4 f3 60.Kd2 Kd4 61.Bh3 c3+ 62.Kc1  0-1

[Event "Star Dojran"]
[Site "Star Dojran"]
[Date "1991.??.??"]
[Round "11"]
[White "Kocovski, Ivan"]
[Black "Rajkovic, Dusan"]
[Result "0-1"]
[WhiteElo "2325"]
[BlackElo "2495"]

1.e4 c5 2.Nf3 e6 3.d4 cxd4 4.Nxd4 a6 5.Nc3 Qc7 6.g3 Nc6 7.Bg2 Nf6 8.O-O Nxd4
9.Qxd4 Bc5 10.Bf4 d6 11.Qd3 h6 12.Na4 e5 13.Nxc5 Qxc5 14.Be3 Qc6 15.Rad1 Ke7
16.f4 Ng4 17.h3 Nxe3 18.Qxe3 f6 19.Rf2 Be6 20.f5 Bf7 21.Rfd2 Rhd8 22.g4 Rac8
23.Kh2 Qc5 24.Qg3 Rc6 25.h4 Qb6 26.b3 Qa5 27.c4 b5 28.cxb5 axb5 29.g5 hxg5
30.hxg5 Rh8+ 31.Kg1 Qb6+ 32.Kf1 b4 33.g6 Be8 34.Qd3 Rh4 35.Bf3 Qa6 36.Qxa6 Rxa6
37.Rc2 Rc6 38.Rdc1 Rxc2 39.Rxc2 d5 40.exd5 e4 41.Bg2 Bd7 42.Rc7 Kd6 43.Rb7 e3
44.Bf3 Rh2 45.Be4 Ke5 46.Rxb4 Rh4 47.Rb7 Rf4+ 48.Bf3 Rxf3+ 49.Ke2 Rxf5 50.Rxd7 Kd4
51.Rxg7 Rf2+ 52.Ke1 Kd3 53.Re7 Rg2 54.Kf1 Rxg6 55.d6 f5 56.d7 Rd6 57.Kg2 Ke2
58.Kg3 Rd4 59.Rf7 f4+ 60.Rxf4 Rxd7 61.Re4 Kd2  0-1

[Event "Stockholm"]
[Site "Stockholm"]
[Date "1991.??.??"]
[Round "?"]
[White "Johansson, Gunnar"]
[Black "Ziegler, Ari"]
[Result "1/2-1/2"]
[WhiteElo "2290"]
[BlackElo "2275"]

1.e4 c5 2.Nf3 e6 3.Nc3 a6 4.d4 cxd4 5.Nxd4 d6 6.f4 Nf6 7.Bd3 b5 8.a3 Nbd7
9.Nf3 Bb7 10.Qe2 Nc5 11.Bd2 d5 12.e5 Nfe4 13.Bxe4 Nxe4 14.Nxe4 dxe4 15.Ng5 Rc8
16.Be3 Qc7 17.c3 Be7 18.Qh5 g6 19.Qh6 Bf8 20.Qh3 h6 21.Nxe6 fxe6 22.Qxe6+ Qe7
23.Qxg6+ Qf7 24.Qxf7+ Kxf7 25.Rd1  1/2-1/2